| 000 | 00862cam a22002771 4500 | ||
|---|---|---|---|
| 001 | 4944 | ||
| 003 | BD-RjUL | ||
| 005 | 20211208234000.0 | ||
| 008 | 790611r19491883ilu 001 0 eng | ||
| 035 | _a(BD-RjUL)4980 | ||
| 040 |
_aDLC _cDLC _dDLC _beng |
||
| 041 | _aeng | ||
| 082 | 0 | 0 |
_a340.54 _219 _bINS 1949 |
| 245 | 1 | 4 |
_aThe Institutes of Justinian / _bwith English introduction, translation, and notes. _cJ. B. Moyle |
| 250 | _a1st American, from the 5th London ed. : | ||
| 260 |
_aChicago : _bCallaghan & company : _c1949 |
||
| 300 |
_a 220 p. ; _c24 cm. |
||
| 520 | _aIncludes index | ||
| 526 | _bPolitical Science | ||
| 650 | 0 |
_aRoman law. _912541 |
|
| 700 | 1 |
_aSandars, Thomas Collett, _d1825-1894, _eed. _915581 |
|
| 700 | 1 |
_aHammond, William G. _q(William Gardiner), _d1829-1894. _915582 |
|
| 942 |
_2ddc _cBK |
||
| 999 |
_c4944 _d4944 |
||